Paesi asiatici: digitare la prima lettera - Statistics

Statistiche generali
  • Questo quiz è stato fatto 344 volte
  • Il punteggio medio è 25 su 48
Risposte nella Mappa
Le risposte nella mappa del quiz sottostante sono codificate secondo una scala di colori dal rosso al verde in base alla % di persone che hanno risposto correttamente.
 
Statistiche sulle risposte
paese % Corretto
Thailandia
64%
Sri Lanka
62%
Giappone
60%
Afghanistan
58%
Indonesia
58%
Kirghizistan
57%
Maldive
57%
Timor-Leste
57%
Cambogia
56%
Emirati Arabi Uniti
56%
India
56%
Pakistan
56%
Corea del Nord
55%
Kazakistan
55%
Oman
55%
Azerbaijan
53%
Birmania
53%
Cipro
53%
Corea del Sud
53%
Filippine
53%
Libano
53%
Qatar
53%
Singapore
53%
Turkmenistan
53%
Vietnam
53%
Cina
52%
Kuwait
52%
Laos
52%
Nepal
52%
Tagikistan
52%
Mongolia
51%
Siria
51%
Arabia Saudita
50%
Brunei
50%
Giordania
50%
Malesia
50%
Bahrain
49%
Israele
49%
Yemen
49%
Armenia
48%
Taiwan
48%
Iran
47%
Iraq
46%
Uzbekistan
46%
Bhutan
45%
Georgia
45%
Turchia
45%
Bangladesh
44%
Nessun quiz corrispondente trovato
Distribuzione punteggi
Percentuale di utenti per punteggio
Percentile per numero di risposta
I tuoi punteggi nel tempo
Non hai fatto questo quiz